[Event "Munich Pfingst op-A"]
[Site "Munich GER"]
[Date "2023.06.01"]
[Round "2.15"]
[White "Gramb, Marius"]
[Black "Gedajlovic, Max"]
[Result "1/2-1/2"]
[WhiteElo "2225"]
[BlackElo "2436"]
[PlyCount "84"]
[EventDate "2023.05.31"]
[EventType "swiss"]
[EventRounds "9"]
[EventCountry "GER"]
[Source "Mark Crowther"]
[SourceDate "2023.06.05"]

1. e4 e5 2. Nf3 Nc6 3. Bb5 a6 4. Ba4 Nge7 5. d4 exd4 6. Nxd4 Nxd4 7. Qxd4 Nc6
8. Bxc6 dxc6 9. Qxd8+ Kxd8 10. Be3 Bd6 11. Nd2 Be6 12. Nf3 f6 13. O-O Re8 14.
Rfe1 c5 15. Rad1 Kc8 16. b3 b6 17. c4 Kb7 18. h3 Bf7 19. Bc1 Bg6 20. e5 fxe5
21. Bb2 Bc2 22. Rc1 e4 23. Rxc2 exf3 24. Rxe8 Rxe8 25. gxf3 Re1+ 26. Kg2 g6 27.
Bc3 Re7 28. Bd2 Kc6 29. Be3 Re8 30. Rd2 Rb8 31. a4 b5 32. axb5+ axb5 33. Ra2
bxc4 34. bxc4 Rb4 35. Rc2 Rb3 36. f4 Kb6 37. Kf3 Kc6 38. Ke4 Rb8 39. Rc1 Re8+
40. Kf3 Rf8 41. Rg1 Be7 42. Ke4 Bd6 1/2-1/2

[Event "Munich Pfingst op-A"]
[Site "Munich GER"]
[Date "2023.06.02"]
[Round "3.19"]
[White "Gedajlovic, Max"]
[Black "Goldbeck, Lars"]
[Result "1/2-1/2"]
[WhiteElo "2436"]
[BlackElo "2207"]
[PlyCount "52"]
[EventDate "2023.05.31"]
[EventType "swiss"]
[EventRounds "9"]
[EventCountry "GER"]
[Source "Mark Crowther"]
[SourceDate "2023.06.05"]

1. d4 d5 2. c4 e6 3. Nf3 Nf6 4. Nc3 Nbd7 5. Bf4 dxc4 6. e3 b5 7. Nxb5 Bb4+ 8.
Nc3 Nd5 9. a3 Nxc3 10. Qd2 Nd5 11. axb4 Nxf4 12. exf4 Bb7 13. Be2 O-O 14. O-O
Nb6 15. Ra5 Qd6 16. Rc5 Rad8 17. Rd1 f6 18. h4 Rf7 19. Ne1 Rfd7 20. Bg4 Be4 21.
Qc1 h6 22. Be2 Kh8 23. Qe3 Ba8 24. Qc1 Be4 25. Qe3 Ba8 26. Qc1 Be4 1/2-1/2

[Event "Munich Pfingst op-A"]
[Site "Munich GER"]
[Date "2023.06.03"]
[Round "4.18"]
[White "Peycheva, Gergana"]
[Black "Gedajlovic, Max"]
[Result "1/2-1/2"]
[WhiteElo "2218"]
[BlackElo "2436"]
[PlyCount "58"]
[EventDate "2023.05.31"]
[EventType "swiss"]
[EventRounds "9"]
[EventCountry "GER"]
[Source "Mark Crowther"]
[SourceDate "2023.06.05"]

1. e4 e6 2. d4 d5 3. Nc3 h6 4. exd5 exd5 5. Bd3 Nf6 6. Nge2 c5 7. dxc5 Bxc5 8.
O-O O-O 9. Bf4 Nc6 10. Qd2 Re8 11. h3 a6 12. Ng3 Ne5 13. Rfe1 Nc4 14. Bxc4 dxc4
15. Rxe8+ Qxe8 16. Nd5 Nxd5 17. Qxd5 Qb5 18. Qd8+ Kh7 19. Re1 Qc6 20. Ne4 b5
21. Qc7 Qxc7 22. Bxc7 Ba7 23. Nd6 Be6 24. c3 Kg8 25. a4 bxa4 26. Ra1 Bb8 27.
Bxb8 Rxb8 28. Rxa4 Rxb2 29. Nxc4 Rc2 1/2-1/2

[Event "Munich Pfingst op-A"]
[Site "Munich GER"]
[Date "2023.06.03"]
[Round "5.19"]
[White "Gedajlovic, Max"]
[Black "Tulchynskyi, Feliks"]
[Result "1/2-1/2"]
[WhiteElo "2436"]
[BlackElo "2246"]
[PlyCount "62"]
[EventDate "2023.05.31"]
[EventType "swiss"]
[EventRounds "9"]
[EventCountry "GER"]
[Source "Mark Crowther"]
[SourceDate "2023.06.05"]

1. Nf3 d5 2. e3 c5 3. d4 Nf6 4. c3 e6 5. Bd3 Nc6 6. Nbd2 Bd6 7. O-O O-O 8. dxc5
Bxc5 9. b4 Bd6 10. e4 Qc7 11. Bb2 h6 12. a3 dxe4 13. Nxe4 Nxe4 14. Bxe4 Ne5 15.
Nd2 Nc4 16. Nxc4 Bxh2+ 17. Kh1 Qxc4 18. Qg4 Qc7 19. f4 f5 20. Qh4 fxe4 21. Kxh2
e5 22. fxe5 Qxe5+ 23. Qg3 Qxg3+ 24. Kxg3 Bf5 25. Rad1 e3 26. Rfe1 Rae8 27. Re2
Re6 28. Rde1 Rg6+ 29. Kh2 Be4 30. Rd1 Re6 31. Rd4 Bf5 1/2-1/2

[Event "Munich Pfingst op-A"]
[Site "Munich GER"]
[Date "2023.06.04"]
[Round "6.20"]
[White "Jarocka, Liwia"]
[Black "Gedajlovic, Max"]
[Result "1-0"]
[WhiteElo "2225"]
[BlackElo "2436"]
[PlyCount "63"]
[EventDate "2023.05.31"]
[EventType "swiss"]
[EventRounds "9"]
[EventCountry "GER"]
[Source "Mark Crowther"]
[SourceDate "2023.06.05"]

1. e4 e6 2. d4 d5 3. Bd3 dxe4 4. Bxe4 Nf6 5. Bf3 c5 6. Ne2 Nc6 7. Be3 cxd4 8.
Nxd4 Ne5 9. Nc3 a6 10. Qe2 Qc7 11. O-O-O Bd7 12. Bf4 Nd3+ 13. Rxd3 Qxf4+ 14.
Kb1 Bb4 15. Bxb7 Bxc3 16. Rxc3 Rb8 17. Rc4 Rxb7 18. Nxe6 Rxb2+ 19. Ka1 Rxa2+
20. Kxa2 Qxc4+ 21. Qxc4 Bxe6 22. Re1 Kd7 23. Rxe6 fxe6 24. Qa4+ Ke7 25. Qb4+
Kf7 26. Qb7+ Kg6 27. Qxa6 Kf5 28. Qd3+ Ke5 29. Qg3+ Kd5 30. Qxg7 Ra8+ 31. Kb2
Rb8+ 32. Kc1 1-0

[Event "SPICE Cup op"]
[Site "Chesterfield USA"]
[Date "2022.12.22"]
[Round "7.8"]
[White "Gedajlovic, Max"]
[Black "Kantor, G."]
[Result "1/2-1/2"]
[WhiteElo "2398"]
[BlackElo "2553"]
[PlyCount "58"]
[EventDate "2022.12.18"]
[EventType "swiss"]
[EventRounds "9"]
[EventCountry "USA"]
[Source "Mark Crowther"]
[SourceDate "2023.01.09"]

1. e4 e5 2. Nf3 Nc6 3. Nc3 Nf6 4. a3 g6 5. Bc4 Bg7 6. d3 O-O 7. h3 d6 8. Bg5 h6
9. Bh4 Qd7 10. g4 Nh7 11. Nd5 Nd4 12. Nxd4 exd4 13. Ne7+ Kh8 14. Nxc8 Raxc8 15.
Qd2 c6 16. O-O-O b5 17. Ba2 Qc7 18. g5 h5 19. f4 c5 20. Bf2 a5 21. Kb1 a4 22.
Ka1 Rb8 23. Bd5 b4 24. axb4 Rxb4 25. Rb1 Rfb8 26. Bc4 Qb7 27. Bd5 Qc7 28. Bc4
Qb7 29. Bd5 Qc7 1/2-1/2

[Event "SPICE Cup op"]
[Site "Chesterfield USA"]
[Date "2022.12.22"]
[Round "8.7"]
[White "Wang, Justin"]
[Black "Gedajlovic, Max"]
[Result "1-0"]
[WhiteElo "2471"]
[BlackElo "2398"]
[PlyCount "109"]
[EventDate "2022.12.18"]
[EventType "swiss"]
[EventRounds "9"]
[EventCountry "USA"]
[Source "Mark Crowther"]
[SourceDate "2023.01.09"]

1. d4 Nf6 2. c4 e6 3. Nf3 Bb4+ 4. Nbd2 b6 5. a3 Bxd2+ 6. Qxd2 Bb7 7. g3 d5 8.
b3 dxc4 9. bxc4 Nc6 10. Bb2 Na5 11. Qc2 Be4 12. Qc3 c5 13. Rd1 Rc8 14. Bg2 cxd4
15. Rxd4 Nd5 16. Rxd5 exd5 17. Qxg7 Rf8 18. cxd5 Qxd5 19. O-O Nc4 20. Bc3 Kd7
21. Bh3+ Kc7 22. Bxc8 Rxc8 23. Ng5 Bg6 24. Nh3 Kb7 25. Nf4 Qd7 26. a4 a5 27. h4
Be4 28. Ra1 Ka6 29. Qd4 Qxd4 30. Bxd4 Nd2 31. Be3 Nc4 32. Bd4 Nd2 33. Rd1 Rc2
34. Be3 Nc4 35. Bd4 Ra2 36. f3 Bc6 37. Rc1 Rxa4 38. Kf2 Bb7 39. h5 Nd2 40. Bf6
Nc4 41. h6 Kb5 42. Nh3 Bc8 43. g4 Nd6 44. Be7 Nc4 45. Ng5 f5 46. Nxh7 fxg4 47.
Rh1 g3+ 48. Kxg3 Ne3 49. Kf2 Nf5 50. Nf8 Nxh6 51. Rxh6 Ra2 52. Ne6 Kc4 53. Nf4
Kb5 54. Nd5 Rd2 55. Rxb6+ 1-0

[Event "Bay Area GM 2022.12"]
[Site "San Jose USA"]
[Date "2022.12.07"]
[Round "1.5"]
[White "Cordova, Emilio"]
[Black "Gedajlovic, Max"]
[Result "1/2-1/2"]
[WhiteElo "2542"]
[BlackElo "2398"]
[PlyCount "55"]
[EventDate "2022.12.07"]
[EventType "tourn"]
[EventRounds "9"]
[EventCountry "USA"]
[Source "ChessMix "]
[SourceDate "2022.12.20"]

1. Nf3 d5 2. e3 c5 3. d4 Nf6 4. b3 cxd4 5. exd4 Nc6 6. Be2 Bg4 7. O-O e6 8. Bb2
Bd6 9. Nbd2 O-O 10. c4 Rc8 11. a3 dxc4 12. bxc4 Re8 13. h3 Bh5 14. Ne5 Bxe2 15.
Qxe2 Qb6 16. Ndf3 Qa6 17. Rfe1 h6 18. Rac1 Bxe5 19. dxe5 Nd7 20. Rc3 Red8 21.
Bc1 Qa5 22. Re3 Nf8 23. Re4 Ng6 24. Qb2 b6 25. Bd2 Qa6 26. h4 Rd3 27. Bc3 Rcd8
28. Bb4 1/2-1/2

[Event "Bay Area GM 2022.12"]
[Site "San Jose USA"]
[Date "2022.12.08"]
[Round "2.1"]
[White "Belous, Vladimir"]
[Black "Gedajlovic, Max"]
[Result "1-0"]
[WhiteElo "2517"]
[BlackElo "2398"]
[PlyCount "67"]
[EventDate "2022.12.07"]
[EventType "tourn"]
[EventRounds "9"]
[EventCountry "USA"]
[Source "ChessMix "]
[SourceDate "2022.12.20"]

1. Nf3 d5 2. g3 g6 3. Bg2 Bg7 4. c4 dxc4 5. Qa4+ Nc6 6. Qxc4 e5 7. Nc3 Nge7 8.
d3 h6 9. O-O O-O 10. Ne4 b6 11. Bd2 Bb7 12. Rac1 Kh8 13. b4 Nf5 14. Rfe1 Nd6
15. Nxd6 cxd6 16. b5 Na5 17. Bxa5 bxa5 18. Nxe5 Bxg2 19. Nxf7+ Rxf7 20. Qxf7
Bh3 21. Qxg6 Qb6 22. Qh5 Bd7 23. Qf7 Bxb5 24. Rc7 Qd4 25. Rec1 Qf6 26. Rc8+
Rxc8 27. Rxc8+ Kh7 28. Qg8+ Kg6 29. Rc7 a4 30. Qd5 Qe5 31. Qf7+ Kh7 32. f4 Qd4+
33. Kg2 Ba6 34. Rd7 1-0

[Event "Bay Area GM 2022.12"]
[Site "San Jose USA"]
[Date "2022.12.08"]
[Round "3.5"]
[White "Gedajlovic, Max"]
[Black "Stremavicius, Titas"]
[Result "0-1"]
[WhiteElo "2398"]
[BlackElo "2543"]
[PlyCount "84"]
[EventDate "2022.12.07"]
[EventType "tourn"]
[EventRounds "9"]
[EventCountry "USA"]
[Source "ChessMix "]
[SourceDate "2022.12.20"]

1. d4 f5 2. c4 Nf6 3. g3 e6 4. Bg2 d5 5. Nf3 Be7 6. O-O Ne4 7. Nc3 c6 8. Nxe4
dxe4 9. Ne5 Nd7 10. Nxd7 Qxd7 11. Bf4 Bf6 12. Be5 Qe7 13. Qd2 O-O 14. Rad1 b6
15. f3 exf3 16. Bxf3 Bxe5 17. dxe5 Ba6 18. Qd6 Qxd6 19. Rxd6 Bxc4 20. b3 Bd5
21. Bxd5 exd5 22. Rxc6 Rae8 23. e6 Rf6 24. Rc7 Rexe6 25. Rxa7 Rxe2 26. Rc1 h5
27. Rcc7 Rg6 28. Rc8+ Kh7 29. Rf7 Rg5 30. Rff8 Rxa2 31. Rcd8 Rd2 32. Rh8+ Kg6
33. Rd6+ Kf7 34. Rxb6 f4 35. Kf1 fxg3 36. hxg3 Rf5+ 37. Kg1 d4 38. Rb7+ Kg6 39.
b4 Re5 40. Kf1 d3 41. Rf8 Rb2 42. Rff7 Rb1+ 0-1

[Event "Bay Area GM 2022.12"]
[Site "San Jose USA"]
[Date "2022.12.09"]
[Round "4.2"]
[White "Narayanan, Samrug"]
[Black "Gedajlovic, Max"]
[Result "0-1"]
[WhiteElo "2356"]
[BlackElo "2398"]
[PlyCount "120"]
[EventDate "2022.12.07"]
[EventType "tourn"]
[EventRounds "9"]
[EventCountry "USA"]
[Source "ChessMix "]
[SourceDate "2022.12.20"]

1. e4 e5 2. Nf3 Nc6 3. Bb5 a6 4. Ba4 d6 5. O-O Bd7 6. c3 g6 7. d4 Bg7 8. Re1 h6
9. h3 Nge7 10. Be3 O-O 11. Nbd2 exd4 12. Nxd4 Ne5 13. Bc2 c5 14. N4f3 Qc7 15.
a4 Be6 16. Qe2 Nxf3+ 17. Nxf3 d5 18. Rad1 Rad8 19. exd5 Nxd5 20. Bc1 Rfe8 21.
Qe4 Qe7 22. a5 Nf6 23. Qa4 Rxd1 24. Bxd1 Qc7 25. Bf4 Qc8 26. Bb3 c4 27. Bc2 Nd7
28. Qb4 Nc5 29. Bd6 Nd3 30. Bxd3 cxd3 31. Be5 Bd5 32. c4 Qxc4 33. Bd6 Qc6 34.
Rxe8+ Qxe8 35. Ne1 Qe2 36. Bf4 Bc4 37. Nf3 Bb5 38. Qd6 Bc6 39. Nd2 Qe1+ 40. Nf1
Qe4 41. f3 Qd4+ 42. Qxd4 Bxd4+ 43. Kh2 g5 44. Bc1 Kg7 45. Ne3 Kg6 46. Kg1 f5
47. Kf1 f4 48. Nd1 Ba4 49. Nc3 Bc6 50. Nd1 Kf5 51. Bd2 Ke6 52. Ke1 Kd5 53. Bb4
Be3 54. Bd2 Kd4 55. Bc3+ Kc4 56. Bd2 Bd4 57. b4 Kb3 58. Kf1 Kc2 59. Ke1 Bb5 60.
h4 Bd7 0-1

[Event "Bay Area GM 2022.12"]
[Site "San Jose USA"]
[Date "2022.12.09"]
[Round "5.4"]
[White "Gedajlovic, Max"]
[Black "Kunka, Harshid"]
[Result "1-0"]
[WhiteElo "2398"]
[BlackElo "2391"]
[PlyCount "63"]
[EventDate "2022.12.07"]
[EventType "tourn"]
[EventRounds "9"]
[EventCountry "USA"]
[Source "ChessMix "]
[SourceDate "2022.12.20"]

1. e4 c6 2. d4 d5 3. e5 Bf5 4. h4 h5 5. Bd3 Bxd3 6. Qxd3 Qa5+ 7. b4 Qxb4+ 8.
Nd2 Qb5 9. c4 dxc4 10. Nxc4 e6 11. Rb1 Qa6 12. Nf3 Nd7 13. Bg5 b5 14. Ne3 Qa5+
15. Ke2 Be7 16. Rhc1 Bxg5 17. Nxg5 Ne7 18. a4 a6 19. Qe4 g6 20. Qf4 O-O 21. Ne4
Nf5 22. Nxf5 exf5 23. Nd6 Qxa4 24. Kf1 Qa2 25. Ra1 Qd5 26. Ra3 c5 27. Nxf5 Qe6
28. Rg3 cxd4 29. Rc6 Qxe5 30. Qg5 Kh8 31. Qh6+ Kg8 32. Rcxg6+ 1-0

[Event "Bay Area GM 2022.12"]
[Site "San Jose USA"]
[Date "2022.12.10"]
[Round "6.3"]
[White "Katz, Alexander"]
[Black "Gedajlovic, Max"]
[Result "1/2-1/2"]
[WhiteElo "2449"]
[BlackElo "2398"]
[PlyCount "34"]
[EventDate "2022.12.07"]
[EventType "tourn"]
[EventRounds "9"]
[EventCountry "USA"]
[Source "ChessMix "]
[SourceDate "2022.12.20"]

1. c4 e5 2. Nc3 Nf6 3. Nf3 Nc6 4. e3 Bb4 5. Qc2 O-O 6. Nd5 Bc5 7. a3 a5 8. Bd3
h6 9. b3 d6 10. Bb2 Ba7 11. Nc3 Be6 12. O-O Nd7 13. Nb5 Bb8 14. Be2 Ne7 15. d4
c6 16. Nc3 f5 17. dxe5 dxe5 1/2-1/2

[Event "Bay Area GM 2022.12"]
[Site "San Jose USA"]
[Date "2022.12.10"]
[Round "7.3"]
[White "Gedajlovic, Max"]
[Black "Stearman, Josiah"]
[Result "1-0"]
[WhiteElo "2398"]
[BlackElo "2386"]
[PlyCount "79"]
[EventDate "2022.12.07"]
[EventType "tourn"]
[EventRounds "9"]
[EventCountry "USA"]
[Source "ChessMix "]
[SourceDate "2022.12.20"]

1. d4 Nf6 2. c4 a6 3. Nc3 c5 4. d5 b5 5. Qc2 d6 6. e4 b4 7. Nd1 g6 8. Bd3 Bg7
9. h3 a5 10. Rb1 e6 11. Nf3 O-O 12. O-O a4 13. Bg5 h6 14. Bh4 g5 15. Bg3 Nh5
16. Bh2 exd5 17. cxd5 Nf4 18. Bc4 Qf6 19. Ne3 Nxh3+ 20. gxh3 Qxf3 21. Bxd6 Bxh3
22. Be2 Qf6 23. Bxf8 Bxf8 24. Rfe1 Qf4 25. e5 Qxe5 26. Bg4 Bxg4 27. Nxg4 Qf4
28. Re4 Qf3 29. Rbe1 b3 30. axb3 axb3 31. Qc4 Nd7 32. d6 Qf5 33. Re8 Rxe8 34.
Rxe8 Kh7 35. Re7 Kg7 36. Rxd7 Qxd7 37. Qc3+ f6 38. Qxf6+ Kg8 39. Ne5 Bg7 40.
Qg6 1-0

[Event "US Masters"]
[Site "Charlotte USA"]
[Date "2022.11.24"]
[Round "2.19"]
[White "Balakrishnan, Praveen"]
[Black "Gedajlovic, Max"]
[Result "1-0"]
[WhiteElo "2510"]
[BlackElo "2317"]
[PlyCount "87"]
[EventDate "2022.11.23"]
[EventType "swiss"]
[EventRounds "9"]
[EventCountry "USA"]
[Source "ChessMix"]
[SourceDate "2022.12.01"]

1. e4 e5 2. Nf3 Nc6 3. d4 exd4 4. Nxd4 Nf6 5. Nxc6 bxc6 6. e5 Qe7 7. Qe2 Nd5 8.
Nd2 f6 9. Nf3 fxe5 10. Bg5 Qe6 11. Qxe5 Bb4+ 12. Bd2 Qxe5+ 13. Nxe5 O-O 14.
Bxb4 Nxb4 15. Bc4+ Kh8 16. O-O-O d5 17. a3 dxc4 18. axb4 a5 19. bxa5 Rxa5 20.
Nxc4 Ra1+ 21. Kd2 Rxf2+ 22. Ke3 Rxd1 23. Rxd1 Rf8 24. Na5 Re8+ 25. Kf2 Bf5 26.
c4 h5 27. Nxc6 Be4 28. Nd4 Rf8+ 29. Kg1 Rb8 30. Ne6 Kg8 31. Rd8+ Rxd8 32. Nxd8
Bd3 33. c5 Bc4 34. Nc6 Kf8 35. Ne5 Bd5 36. Ng6+ Ke8 37. h4 Kd7 38. b4 Be4 39.
Nf4 Kc6 40. Nxh5 g6 41. Nf6 Bc2 42. Kf2 Kb5 43. Ke3 Kxb4 44. Kd4 1-0

[Event "Charlotte Fall GM-C"]
[Site "Charlotte USA"]
[Date "2022.11.18"]
[Round "1.5"]
[White "Gedajlovic, Max"]
[Black "Ippolito, Dean"]
[Result "1/2-1/2"]
[WhiteElo "2317"]
[BlackElo "2368"]
[PlyCount "31"]
[EventDate "2022.11.18"]
[EventType "tourn"]
[EventRounds "9"]
[EventCountry "USA"]
[EventCategory "5"]
[Source "ChessMix"]
[SourceDate "2022.12.01"]

1. e4 c5 2. Nf3 e6 3. g3 Nc6 4. Bg2 d5 5. exd5 exd5 6. d4 cxd4 7. O-O Bg4 8. h3
Bxf3 9. Qxf3 Nf6 10. Bg5 Be7 11. Bxf6 Bxf6 12. Re1+ Ne7 13. Qxd5 Qxd5 14. Bxd5
d3 15. Nc3 dxc2 16. Bb3 1/2-1/2

[Event "Charlotte Fall GM-C"]
[Site "Charlotte USA"]
[Date "2022.11.18"]
[Round "2.2"]
[White "Sethuraman, Sandeep"]
[Black "Gedajlovic, Max"]
[Result "0-1"]
[WhiteElo "2371"]
[BlackElo "2317"]
[PlyCount "136"]
[EventDate "2022.11.18"]
[EventType "tourn"]
[EventRounds "9"]
[EventCountry "USA"]
[EventCategory "5"]
[Source "ChessMix"]
[SourceDate "2022.12.01"]

1. d4 Nf6 2. c4 e6 3. Nc3 Bb4 4. Qc2 d6 5. f3 c5 6. dxc5 Bxc5 7. Nh3 Nc6 8. Bg5
h6 9. Bh4 Qa5 10. O-O-O Bd7 11. Bf2 Rc8 12. Kb1 d5 13. Bxc5 Qxc5 14. cxd5 exd5
15. e4 dxe4 16. fxe4 O-O 17. Qf2 Qa5 18. Nf4 Nxe4 19. Nxe4 Bf5 20. Qe1 Rfe8 21.
Bd3 Qe5 22. Rf1 Bxe4 23. Bxe4 Qxe4+ 24. Qxe4 Rxe4 25. Rd3 Rd8 26. Rg3 Ne5 27.
Rc3 Nc4 28. Kc1 Nd2 29. Rd1 Rxf4 30. Rxd2 Rf1+ 31. Kc2 Rxd2+ 32. Kxd2 Rf2+ 33.
Kc1 Rxg2 34. Rc8+ Kh7 35. Rc7 f5 36. Rxb7 Kg6 37. Rxa7 f4 38. Kd1 Rxb2 39. h4
Rh2 40. a4 Rxh4 41. a5 Rh2 42. a6 Ra2 43. Ra8 Kh5 44. a7 g5 45. Ke1 g4 46. Kf1
f3 47. Ke1 g3 48. Rf8 Ra1+ 49. Kd2 g2 50. Rg8 f2 51. a8=Q Rxa8 52. Rxa8 f1=Q
53. Ra5+ Kg6 54. Rc5 Qf2+ 55. Kd3 Qxc5 56. Ke4 Qf5+ 57. Kd4 g1=B+ 58. Kc4 Qe4+
59. Kc3 Bd4+ 60. Kc4 Be5+ 61. Kc5 Qd4+ 62. Kb5 h5 63. Kc6 h4 64. Kb5 h3 65. Kc6
h2 66. Kb7 h1=R 67. Kc6 Rc1+ 68. Kb7 Qb2+ 0-1

[Event "Charlotte Fall GM-C"]
[Site "Charlotte USA"]
[Date "2022.11.19"]
[Round "3.4"]
[White "Gedajlovic, Max"]
[Black "Slade, Theodore"]
[Result "1-0"]
[WhiteElo "2317"]
[BlackElo "2028"]
[PlyCount "65"]
[EventDate "2022.11.18"]
[EventType "tourn"]
[EventRounds "9"]
[EventCountry "USA"]
[EventCategory "5"]
[Source "ChessMix"]
[SourceDate "2022.12.01"]

1. d4 d5 2. c4 e6 3. Nf3 Nf6 4. Nc3 Be7 5. Bf4 O-O 6. a3 c5 7. dxc5 Bxc5 8. e3
Nc6 9. Qc2 dxc4 10. Bxc4 a6 11. Rd1 Bd7 12. O-O Rc8 13. Bg5 Qc7 14. Ba2 Be7 15.
Bb1 g6 16. Qa4 Rfd8 17. Qh4 Kg7 18. Bh6+ Kg8 19. Bg5 Kg7 20. Ne4 Nxe4 21. Bxe7
Nxe7 22. Qxe7 Nf6 23. Ng5 Rf8 24. Nxh7 Kxh7 25. Qxf6 Qd8 26. Qf3 Rc7 27. Qh5+
Kg7 28. Qe5+ Kg8 29. h4 Qc8 30. h5 Rc5 31. Qg3 g5 32. b4 Rb5 33. a4 1-0

[Event "Charlotte Fall GM-C"]
[Site "Charlotte USA"]
[Date "2022.11.19"]
[Round "4.3"]
[White "Rodriguez Garcia, Victor"]
[Black "Gedajlovic, Max"]
[Result "1/2-1/2"]
[WhiteElo "2350"]
[BlackElo "2317"]
[PlyCount "32"]
[EventDate "2022.11.18"]
[EventType "tourn"]
[EventRounds "9"]
[EventCountry "USA"]
[EventCategory "5"]
[Source "ChessMix"]
[SourceDate "2022.12.01"]

1. e4 e5 2. Nf3 Nc6 3. Bb5 a6 4. Ba4 Nge7 5. O-O g6 6. c3 Bg7 7. d4 b5 8. Bc2
exd4 9. cxd4 d5 10. exd5 Nb4 11. Bb3 h6 12. Bf4 Nbxd5 13. Be5 O-O 14. Nc3 Nxc3
15. bxc3 Bb7 16. Re1 Nd5 1/2-1/2

[Event "Charlotte Fall GM-C"]
[Site "Charlotte USA"]
[Date "2022.11.20"]
[Round "5.3"]
[White "Gedajlovic, Max"]
[Black "Escobar Forero, Alder"]
[Result "1-0"]
[WhiteElo "2317"]
[BlackElo "2510"]
[PlyCount "97"]
[EventDate "2022.11.18"]
[EventType "tourn"]
[EventRounds "9"]
[EventCountry "USA"]
[EventCategory "5"]
[Source "ChessMix"]
[SourceDate "2022.12.01"]

1. e4 c5 2. Nf3 e6 3. d4 cxd4 4. Nxd4 Nf6 5. Nc3 d6 6. g4 h6 7. Rg1 g5 8. h4
Rg8 9. hxg5 hxg5 10. Be3 Nc6 11. Qd2 Nd7 12. O-O-O Nde5 13. Be2 a6 14. Nf5 Na5
15. Nxd6+ Bxd6 16. Qxd6 Qxd6 17. Rxd6 Nac4 18. Bxc4 Nxc4 19. Rd3 Nxe3 20. Rxe3
Bd7 21. b3 Rh8 22. Rg2 Ke7 23. Ne2 Rh1+ 24. Kd2 Rd8 25. Rd3 Rdh8 26. Ng3 Ra1
27. a4 b5 28. axb5 axb5 29. Ne2 Rhh1 30. Kc3 Ra2 31. Rd2 Rh3+ 32. Kb4 Bc6 33.
Rg3 Rxg3 34. Nxg3 Ra1 35. Kc5 Bd7 36. Ne2 Re1 37. Nc3 Rg1 38. Nxb5 Rxg4 39. Nd6
f5 40. exf5 exf5 41. b4 Rg1 42. b5 Rb1 43. b6 Rb2 44. Re2+ Kf6 45. b7 g4 46. c4
Rxe2 47. b8=Q Be6 48. Qh8+ Kg5 49. Qd4 1-0

[Event "Charlotte Fall GM-C"]
[Site "Charlotte USA"]
[Date "2022.11.20"]
[Round "6.4"]
[White "Macieja, Bartlomiej"]
[Black "Gedajlovic, Max"]
[Result "1/2-1/2"]
[WhiteElo "2514"]
[BlackElo "2317"]
[PlyCount "85"]
[EventDate "2022.11.18"]
[EventType "tourn"]
[EventRounds "9"]
[EventCountry "USA"]
[EventCategory "5"]
[Source "ChessMix"]
[SourceDate "2022.12.01"]

1. Nf3 d5 2. d4 Nf6 3. c4 e6 4. Nc3 c5 5. cxd5 cxd4 6. Qa4+ Bd7 7. Qxd4 exd5 8.
Bg5 Nc6 9. Qd3 Be6 10. e3 h6 11. Bh4 Be7 12. Be2 O-O 13. O-O a6 14. Rfd1 Qb6
15. a3 Rfd8 16. b4 Rac8 17. Rac1 Qa7 18. h3 g6 19. Bf1 Kg7 20. Ne2 g5 21. Bg3
Ne4 22. Nfd4 Bf6 23. Nxe6+ fxe6 24. Bh2 Ne5 25. Qb3 b5 26. Nd4 Qf7 27. Rxc8
Rxc8 28. f3 Nd6 29. e4 Nec4 30. Ne2 Qa7+ 31. Kh1 Qe3 32. Qa2 Nb2 33. Rb1 Ndc4
34. exd5 Qxa3 35. Ra1 Qxa2 36. Rxa2 Ne3 37. Ng3 Nxf1 38. Nh5+ Kg6 39. Nxf6 Rc1
40. Bg1 Ng3+ 41. Kh2 Nf1+ 42. Kh1 Ng3+ 43. Kh2 1/2-1/2

[Event "Charlotte Fall GM-C"]
[Site "Charlotte USA"]
[Date "2022.11.21"]
[Round "7.2"]
[White "Gedajlovic, Max"]
[Black "Wang, Tianqi"]
[Result "1-0"]
[WhiteElo "2317"]
[BlackElo "2428"]
[PlyCount "63"]
[EventDate "2022.11.18"]
[EventType "tourn"]
[EventRounds "9"]
[EventCountry "USA"]
[EventCategory "5"]
[Source "ChessMix"]
[SourceDate "2022.12.01"]

1. d4 Nf6 2. c4 e6 3. Nf3 Bb4+ 4. Bd2 Qe7 5. e3 Bxd2+ 6. Qxd2 d6 7. Nc3 O-O 8.
Bd3 e5 9. Bc2 Bg4 10. h3 Be6 11. b3 exd4 12. Nxd4 a5 13. O-O Nbd7 14. f4 Nc5
15. e4 a4 16. Rae1 axb3 17. axb3 Rad8 18. Qf2 c6 19. g4 Bc8 20. Nf3 Na6 21. Qh4
Nb4 22. Bb1 h6 23. g5 Nd7 24. Nd5 cxd5 25. exd5 Ne5 26. fxe5 dxe5 27. Rxe5 Qd6
28. gxh6 g6 29. Rg5 Qc5+ 30. Kh1 Rde8 31. Qg3 Re7 32. d6 1-0

[Event "Charlotte Fall GM-C"]
[Site "Charlotte USA"]
[Date "2022.11.21"]
[Round "8.5"]
[White "Kavutskiy, Konstantin"]
[Black "Gedajlovic, Max"]
[Result "1/2-1/2"]
[WhiteElo "2383"]
[BlackElo "2317"]
[PlyCount "58"]
[EventDate "2022.11.18"]
[EventType "tourn"]
[EventRounds "9"]
[EventCountry "USA"]
[EventCategory "5"]
[Source "ChessMix"]
[SourceDate "2022.12.01"]

1. d4 e6 2. Nf3 Nf6 3. c4 a6 4. Nc3 d5 5. cxd5 exd5 6. Bg5 Be6 7. e3 Nbd7 8.
Bd3 Bd6 9. h3 c6 10. Bf4 Qc7 11. Qd2 h6 12. Rc1 g5 13. Bxd6 Qxd6 14. Qc2 Rg8
15. Ne2 Kf8 16. Ng3 Qb4+ 17. Nd2 Re8 18. a3 Qb6 19. b4 h5 20. Nb3 h4 21. Ne2
Re7 22. Qc3 Ne8 23. Nc5 Nd6 24. Nxd7+ Rxd7 25. Qc5 Qd8 26. Kd2 Kg7 27. g3 Bf5
28. Bxf5 Nxf5 29. gxh4 Nxh4 1/2-1/2

[Event "Charlotte Fall GM-C"]
[Site "Charlotte USA"]
[Date "2022.11.22"]
[Round "9.1"]
[White "Gedajlovic, Max"]
[Black "Georgiev, Vladimir"]
[Result "0-1"]
[WhiteElo "2317"]
[BlackElo "2406"]
[PlyCount "102"]
[EventDate "2022.11.18"]
[EventType "tourn"]
[EventRounds "9"]
[EventCountry "USA"]
[EventCategory "5"]
[Source "ChessMix"]
[SourceDate "2022.12.01"]

1. d4 d5 2. c4 dxc4 3. e3 Nf6 4. Bxc4 e6 5. Nf3 a6 6. O-O b5 7. Bd3 Bb7 8. a4
b4 9. Nbd2 Be7 10. Nb3 c5 11. Nxc5 Bxc5 12. dxc5 Nbd7 13. Bd2 Nxc5 14. Bc4 Rb8
15. Bxb4 Qxd1 16. Rfxd1 Bxf3 17. Bxc5 Bxd1 18. Rxd1 Rd8 19. Ra1 Nd7 20. Ba3 Nb8
21. f4 h5 22. b4 Rc8 23. Be2 Rc2 24. Bf1 Kd7 25. b5 a5 26. Rd1+ Kc8 27. Bd3 Ra2
28. Bd6 Rxa4 29. Rc1+ Kd7 30. Bc7 Ra3 31. Be4 Rxe3 32. Bb7 Re1+ 33. Rxe1 Kxc7
34. Be4 Kb6 35. f5 Nd7 36. fxe6 fxe6 37. Bd3 Nc5 38. Bc4 Rd8 39. Re5 a4 40. Kf1
a3 41. Re3 Ra8 42. Ba2 Kxb5 43. Ke2 Kb4 44. Kd2 Rf8 45. Re2 Rf1 46. Kc2 h4 47.
Rd2 e5 48. Bd5 g5 49. Re2 e4 50. Rd2 Nd3 51. Re2 Re1 0-1

[Event "Hollywood Masters"]
[Site "Los Angeles USA"]
[Date "2022.10.26"]
[Round "1.5"]
[White "Gedajlovic, Max"]
[Black "Zhou, Jianchao"]
[Result "1/2-1/2"]
[WhiteElo "2317"]
[BlackElo "2570"]
[PlyCount "58"]
[EventDate "2022.10.26"]
[EventType "swiss"]
[EventRounds "9"]
[EventCountry "USA"]
[Source "ChessMix "]
[SourceDate "2022.11.01"]

1. e4 c5 2. Nf3 e6 3. g3 Nc6 4. Bg2 Nf6 5. Qe2 d5 6. exd5 Nxd5 7. O-O Be7 8.
Rd1 Qb6 9. c4 Nf6 10. b3 O-O 11. Bb2 Rd8 12. d3 Bd7 13. Na3 Be8 14. Nc2 a5 15.
Rab1 a4 16. bxa4 Qc7 17. Na3 Rxa4 18. Nb5 Qc8 19. Bc3 b6 20. Qb2 h6 21. a3 Na7
22. Nxa7 Rxa7 23. Qxb6 Rxa3 24. Qb2 Ra7 25. Ne5 Qc7 26. h3 Bd6 27. Nf3 Be7 28.
Ne5 Bd6 29. Nf3 Be7 1/2-1/2